Estampado en frío
Na minha lista:
| Autor principal: | |
|---|---|
| Formato: | Livro |
| Idioma: | espanhol |
| Publicado em: |
Moscú
Mir
1983
|
| Assuntos: | |
| Tags: |
Adicionar Tag
Sem tags, seja o primeiro a adicionar uma tag!
|
MARC
| LEADER | 00000nam a2200000 a 4500 | ||
|---|---|---|---|
| 001 | UCW2177 | ||
| 003 | CL-VaPUC | ||
| 008 | 921021e19830000RU |||||||||||||||||spa|d | ||
| 082 | 0 | 4 | |a 671.33 |b ELE |2 21 |
| 100 | 0 | |a Elenev, S. A |e author |9 306133 | |
| 245 | 1 | 0 | |a Estampado en frío |
| 300 | |a 327 p | ||
| 942 | |c BK | ||
| 945 | |d 19921021 00:00:00 | ||
| 260 | |a Moscú |b Mir |c 1983 | ||
| 650 | 7 | |a ESTAMPADO EN METALES |2 CL-VaPUC |9 271873 | |
| 650 | 7 | |a CHAPAS METALICAS |2 CL-VaPUC |9 271874 | |
| 583 | |a last modification |c 20120530 11:19:20 |k Rodrigo Vera | ||
| 999 | |c 216785 |d 216783 | ||
| 952 | |0 0 |1 0 |4 0 |6 671_330000000000000_ELE_1983 |7 0 |8 A |9 203006 |a BIBMEC |b BIBMEC |d 2019-11-14 |i 2702711 |o 671.33 ELE 1983 |p 2702711 |r 2024-01-19 |w 2019-11-14 |y BK |k MEC | ||